• 首页
  • 本馆介绍
  • 公告通知
  • 最新文献
  • 馆藏检索
  • 电子资源
  • 读者导购
  • 参考咨询
  • 我的图书馆
  • 登录
  • 详细信息显示
  • 放入我的书架
  • 预约/预借图书
  • 作者相关作品
  • 分类相关作品
  • 丛书相关作品
  • 出版社相关作品

书目信息

  • 表格格式
  • 工作单格式
  • 卡片格式
题名:
简明复分析
    
 
作者: 龚昇 编著
分册:  
出版信息: 北京   北京大学出版社  1996.5
页数: 162页
开本: 32开
丛书名:
单 册:
中图分类: O174.5
科图分类:
主题词: 数学分析
电子资源:
ISBN: 7-301-02964-0
000 00525nam0 2200193 45
001 0011211646
005 20031219104047.6
010    @a7-301-02964-0@dCNY8.00
100    @a20001121d1996 km y0chiy0120 ea
101 0  @achi
105    @a z 000yy
200 1  @a简明复分析@AJian Ming Fu Fen Xi@f龚昇编著@FGong 昇 Bian Zhu
210    @a北京@c北京大学出版社@d1996.5
215    @a162页@d32开
606 0  @a数学分析
690    @aO174.5@v1
701  0 @a龚昇@4编著
801    @aCN@bTSTC@c20001121
905    @b293202-206@dO174.5@e104@f5
    
    简明复分析/龚昇编著.-北京:北京大学出版社,1996.5
    162页;32开
    
    
    ISBN 7-301-02964-0:CNY8.00
    
●
相关链接 在E读中查询图书 在五车中查询图书 在当当中查询图书 在豆瓣中查询图书


正题名:简明复分析     索取号:O174.5/104         预约/预借

序号 登录号 条形码 馆藏地/架位号 状态 备注
1 0293202   002932027   第三借阅区/ [索取号:O174.5/104] 在馆    
2 0293203   002932036   第三借阅区/ [索取号:O174.5/104] 在馆    
3 0293204   002932045   第三借阅区/ [索取号:O174.5/104] 在馆    
4 0293205   002932054   第三借阅区/ [索取号:O174.5/104] 在馆    
5 0293206   002932063   第二样本阅览室/ [索取号:O174.5/104] 在馆    
唐山师范学院图书馆 欢迎您!
大连网信软件有限公司© 版权所有